000 00363nam a2200145Ia 4500
008 090124s9999 xx 000 0 und d
082 _b301207
245 _a काळसर्प
250 _a1
260 _bहरकारे अरुण
_c1984
300 _a195
630 _a काळसर्प
730 _a काळसर्प
942 _cBOOK
999 _c190761
_d190761